USA State Capitals - Sudden Death - Statistics

General Stats
  • This quiz has been taken 252 times
  • The average score is 24 of 50
Answers on the Grid
Answers color-coded by a green-red scale on the quiz's grid according to % correct below.
Hartford
Los Angeles
Cheyenne
Dallas
Albuquerque
Boston
Wilmington
Juneau
Little Rock
Saint Paul
Montgomery
Pittsburgh
Phoenix
Minneapolis
Topeka
Honolulu
Syracuse
Atlanta
Carson City
Trenton
Frankfort
Denver
Springfield
Portland
Baton Rouge
Kansas City
Charlotte
Lansing
Santa Fe
Columbus
Tallahassee
San Francisco
New York City
Helena
Providence
Boise
Dover
Annapolis
Chicago
Jefferson City
Lincoln
San Antonio
Harrisburg
Salem
Augusta
Indianapolis
Newark
Raleigh
Sacramento
Columbia
Nashville
Oklahoma City
Concord
Miami
Jackson
Albany
Pierre
Montpelier
Olympia
Seattle
Austin
Salt Lake City
Baltimore
Charleston
Madison
Bismarck
Las Vegas
Richmond
Orlando
Des Moines
 
Answer Stats
Answer % Correct
Hartford
74%
Little Rock
67%
Cheyenne
65%
Phoenix
64%
Boston
63%
Honolulu
61%
Juneau
60%
Baton Rouge
58%
Atlanta
55%
Saint Paul
55%
Montgomery
54%
Denver
53%
Carson City
52%
Frankfort
51%
Sacramento
50%
Austin
49%
Santa Fe
49%
Topeka
49%
Des Moines
47%
Springfield
47%
Trenton
47%
Tallahassee
46%
Augusta
45%
Boise
45%
Indianapolis
45%
Lansing
45%
Lincoln
45%
Salt Lake City
45%
Concord
44%
Dover
44%
Madison
44%
Montpelier
44%
Pierre
44%
Helena
43%
Oklahoma City
43%
Albany
42%
Annapolis
42%
Bismarck
42%
Olympia
42%
Columbia
41%
Jefferson City
41%
Columbus
40%
Providence
40%
Raleigh
40%
Harrisburg
39%
Jackson
39%
Salem
39%
Nashville
38%
Richmond
38%
Charleston
35%
No matching quizzes found
Score Distribution
Percent of People with Each Score
Percentile by Number Answered
Your Score History
You have not taken this quiz